| 000 | 01146nam a22002177a 4500 | ||
|---|---|---|---|
| 005 | 20111201161948.0 | ||
| 008 | 111201s1999 ua||||| |||| 001 0 ara d | ||
| 082 |
_222 _a330.95 _bج ر ا |
||
| 100 |
_927980 _aجران، روبرت |
||
| 245 |
_aترويض النمور : _bنهاية المعجزة الآسيوية / _cروبرت جران ؛ ترجمة سمير كريم. |
||
| 246 | _aنهاية المعجزة الآسيوية | ||
| 260 |
_aالقاهرة : _bمؤسسة الأهرام، مركز الأهرام للترجمة والنشر والتوزيع، _c1999. |
||
| 300 |
_a291 ص : _c24 سم. _bأيض ؛ |
||
| 500 | _aترجمة لكتاب: Tigers Tamed: The End of the Asian Miracle/ by Robert Garran, 1998 | ||
| 504 | _aيشتمل على إرجاعات ببليوجرافية: ص 273-284 وكشاف | ||
| 651 |
_927981 _aاسيا _xاحوال اقتصادية |
||
| 653 |
_bAra _cDecember2011 |
||
| 700 |
_927984 _aكريم، سمير |
||
| 942 |
_2ddc _cBB |
||
| 999 |
_c16289 _d16289 |
||